Teezo Touchdown Charting Songs (Billboard Hot 100) - Statistics

General Stats
  • This quiz has been taken 54 times
    4 since last reset
  • The average score is 3 of 5
Answer Stats
Album Weeks On Peak Artist(s) Song % Correct
CHROMAKOPIA 6 Weeks #15 Tyler, The Creator ft. Teezo Touchdown DARLING, I
100%
For All the Dogs 2 Weeks #15 Drake ft. Teezo Touchdown Amen
75%
Octane 1 Week #59 Don Toliver ft. Teezo Touchdown All The Signs
50%
Utopia 2 Weeks #23 Travi$ Scott ft. Teezo Touchdown MODERN JAM
25%
Call Me If You Get Lost 1 Week #66 Tyler, The Creator ft. Teezo Touchdown RUNITUP
25%
No matching quizzes found
Score Distribution
Percent of People with Each Score
Percentile by Number Answered
Your Score History
You have not taken this quiz since the last reset